| 000 | 00545nam a2200229Ia 4500 | ||
|---|---|---|---|
| 005 | 20250425162015.0 | ||
| 008 | 250425s9999 xx 000 0 und d | ||
| 020 | _a9701000455 | ||
| 041 | _aspa | ||
| 082 | _a515.63 | ||
| 100 | _aDAVIS, HARRY F. | ||
| 245 | 0 | _aANALISIS VECTORIAL | |
| 250 | _a6A ED. | ||
| 260 | _aMEXICO | ||
| 260 |
_aMéxico _bMCGRAW- HILL _c1992 |
||
| 300 | _a430 | ||
| 650 | _aALGEBRA VECTORIAL | ||
| 650 | _aANALISIS VECTORIAL | ||
| 700 |
_aEFREN ALATORRE MIGUEL _etraductor |
||
| 942 | _c01 | ||
| 010 | _a40110 | ||
| 999 |
_c220511 _d220511 |
||